000 00494nam a22001932 4500
001 0000004384
005 20170406115802.0
008 140912s xx 000 0 eng d
020 _c$
040 _aYour Holding Symbol
_cYour Holding Symbol
100 1 _aRolvaay.O.E.
245 1 0 _aGiants in the earth.
250 _a ed.
260 _aNew york :
_bHarpper,
_c1964.
300 _a472 p. ;
_c cm.
504 _abibliography.
650 0 _aliterature.
908 _a140912
999 _c4215
_d4215